| 000 | 00803nab a22001937a 4500 | ||
|---|---|---|---|
| 003 | BPK | ||
| 005 | 20160604115517.0 | ||
| 008 | 160311b1977 pl ||||| |||| 00| ||pol | ||
| 040 | _cBPK | ||
| 080 | _a796 | ||
| 100 |
_aWOJCIECHOWSKI, Leszek. _d1968 - 1996. _bWyższa Szkoła Inżynierska w Koszalinie - Studium Wychowania Fizycznego i Sportu |
||
| 245 |
_aZ badań sprawności fizycznej studentek Wyższej Szkoły Inżynierskie w Koszalinie w układzie wydziałów w 1968 roku / _cLeszek Wojciechowski. |
||
| 260 | _c1977. | ||
| 500 | _aDane z kartoteki bpp. | ||
| 650 | 0 | _aStudenci - kultura fizyczna. | |
| 650 | 0 | _aSprawność fizyczna. | |
| 773 |
_iW : _tPrace Naukowe Politechniki Wrocławskiej Instytutu Organizacji i Zarządzania. - _g1977, nr 17, s. 131-136 |
||
| 942 |
_cART _2UKD |
||
| 999 |
_c7575 _d7575 |
||